000 00557nam a22002177a 4500
003 OSt
005 20140310182826.0
008 130529t xxu||||| |||| 00| 0 eng d
020 _a0375410635
050 _aBL 629
_b.K97 2001
082 _aM 296.36
_bK87 2001
245 _aLiving a life that matters /
_cKushner, Harold S.
250 _a1st ed.
260 _aNew York :
_bA.A. Knopf,
_c2001
300 _ax, 166 p. :
_c22 cm.
521 _acollege students
526 _c1210L-1700L
541 _j1
562 _e1
942 _2lcc
_cBK
_kM
999 _c16506
_d16506